000 00484nam a2200193Ia 4500
005 20250326125818.0
008 250326s9999 xx 000 0 und d
037 _aTextbook
040 _aFMSL
_beng
_cFMSL
041 _aeng
_2eng
084 _aX:8 N6
_qFMSL
100 _aBennis W G
_9736321
245 0 _aChanging organisations
_cBennis W G
250 _aNY
260 _aNY
_bNY, M G H
_c1966
300 _a223p
942 _cTB
_hX:8 N6
999 _c1279693
_d1279693